00362nam a2200133Ia 4500008004100000020001500041041001200056082001600068100001400084245006900098260004100167300000800208650001200216221030s9999 xx 000 0 und d a8185749256 aEnglish a105.23bPra aP. Prasad 0aCommunication Skills For Engineers & Professionalscby P. Prasad bS.K. Kataria & SonsaNew Delhic2002 a417 aEnglish